| 000 | 00611cam a2200193 i 4500 | ||
|---|---|---|---|
| 001 | 22741118 | ||
| 005 | 20241028163716.0 | ||
| 008 | 220808s2021 gh b 001 0 eng | ||
| 020 |
_a9789964307516 _qHardcover |
||
| 050 | 0 | 0 |
_aKRX658 _b.A93 2021 |
| 100 | 1 |
_aAdjei, Dennis Dominic, _eauthor. |
|
| 245 | 1 | 0 |
_aLand law, practice and conveyancing in Ghana / _cby Dennis Dominic Adjei. |
| 250 | _aThird edition. | ||
| 260 |
_aGhana _bDennis Dominic Adjei _cc2021 |
||
| 300 |
_axxxiii, 645 pages ; _c25 cm _bIndex |
||
| 650 | 0 |
_aReal property _zGhana. |
|
| 650 | 0 |
_aConveyancing _zGhana. |
|
| 942 |
_2lcc _cBK _eThird Ed. _n0 |
||
| 999 |
_c304 _d304 |
||